00294cam a22000977a 4500008004000000082001400040100001800054245006000072260005300132300001100185180718b1979 xxu||||| |||| 00| 0 eng d aA75 R137U aAgarwal, B.D. aRajasthan district gazetteers: Udaipurcby B.D. Agarwal aJaipurbDirectorate of District Gazetteersc1979 a654+p.